L'efficacia della formazione professionale per i giovani (Record n. 209901)

Dettagli MARC
000 -LEADER
fixed length control field 01228nam a2200205Ia 4500
001 - CONTROL NUMBER
control field b7079-51387
003 - CONTROL NUMBER IDENTIFIER
control field IT-MiCISF
008 - FIXED-LENGTH DATA ELEMENTS--GENERAL INFORMATION
fixed length control field 161014s9999||||xx |||||||||||||| ||und||
040 ## - CATALOGING SOURCE
Original cataloging agency IT-MiCISF
Transcribing agency IT-MiCISF
041 ## - LANGUAGE CODE
Language code of text/sound track or separate title IT
999 ## - SYSTEM CONTROL NUMBERS (KOHA)
Koha Dewey Subclass [OBSOLETE] si
100 ## - MAIN ENTRY--PERSONAL NAME
Personal name Teselli Anna
245 #0 - TITLE STATEMENT
Title L'efficacia della formazione professionale per i giovani
Remainder of title Verso un modello nazionale di valutazione
250 ## - EDITION STATEMENT
Edition statement 1a ed.
260 ## - PUBLICATION, DISTRIBUTION, ETC. (IMPRINT)
Place of publication, distribution, etc. Roma
Name of publisher, distributor, etc. Donzelli
Date of publication, distribution, etc. 2011
300 ## - PHYSICAL DESCRIPTION
Extent pp. 232
500 ## - GENERAL NOTE
General note / lavoro, diritto, scuola, formazione / I giovani italiani si trovano sottoposti a crescenti difficoltà di inserimento nel mondo del lavoro. Tra i fattori che rendono il percorso di transizione scuola-formazione-lavoro particolarmente arduo ci sono anche le caratteristiche dei sistemi di istruzione e formazione. Il volume presenta i risultati del progetto Forma, un sistema informativo di monitoraggio nazionale capace di analizzare gli esiti dei giovani che hanno raggiunto una qualifica professionale nei percorsi triennali cosiddetti di «diritto-dovere», in termini di posizionamento occupazionale e di completamento del ciclo di istruzione secondaria.
650 ## - SUBJECT ADDED ENTRY--TOPICAL TERM
Topical term or geographic name as entry element Famiglia nella società / lavoro
Relator term 006
942 ## - ADDED ENTRY ELEMENTS (KOHA)
Koha item type LIBRO
957 ## -
-- 1
999 ## - SYSTEM CONTROL NUMBERS (KOHA)
-- 1
Dati di copia
Withdrawn status Lost status Damaged status Not for loan Home library Current library Date acquired Total Checkouts Full call number Date last seen Price effective from Koha item type Public note
    Buone Condizioni Not For Loan CISF - Milano CISF - Milano 14/10/2016   b7079-51387 14/10/2016 14/10/2016 LIBRO Data import 15.10.2016 / by Epidotti, Vaglietti
CREDITS: SOCIETA' SAN PAOLO Via A.Severo, 58 - ROMA (RM) & PERIODICI SAN PAOLO SRL Via Giotto, 36 MILANO & CISF Via Giotto, 36 MILANO & EDIZIONI SAN PAOLO SRL,  Piazza Soncino, 5 CINISELLO BALSAMO (MI) -- ITALY